Queer forms
Saved in:
| Main Author | |
|---|---|
| Format | Electronic eBook |
| Language | English |
| Published |
New York :
New York University Press,
2022.
|
| Subjects | |
| Online Access | Full text |
| ISBN | 9781479893782 9781479816903 9781479829828 9781479820733 |
| Physical Description | 1 online zdroj : ilustrace |
Cover
| LEADER | 00000cam a2200000 i 4500 | ||
|---|---|---|---|
| 001 | 113436 | ||
| 003 | CZ-ZlUTB | ||
| 005 | 20260603100852.0 | ||
| 006 | m o d | ||
| 007 | cr ||||||||||| | ||
| 008 | 220625s2022 nyua fo 001 0 eng d | ||
| 020 | |a 9781479893782 |q (electronic bk.) | ||
| 020 | |a 9781479816903 |q (electronic bk.) | ||
| 020 | |z 9781479829828 |q (hardcover) | ||
| 020 | |z 9781479820733 |q (paperback) | ||
| 024 | 8 | |a 40031311997 | |
| 035 | |a (OCoLC)1330934059 |z (OCoLC)1344458958 |z (OCoLC)1377523798 |z (OCoLC)1378176927 |z (OCoLC)1426263757 | ||
| 040 | |a EBLCP |b eng |c EBLCP |d DEGRU |d OCLCF |d CLOUD |d OCLCO |d UKKRT |d OCLCQ |d OCLCL |e rda | ||
| 043 | |a n-us--- | ||
| 045 | |a x-x- | ||
| 072 | 7 | |a 316.3 |x Globální společnosti. Sociální struktura. Sociální skupiny |2 Konspekt |9 18 | |
| 080 | |a 316.344.8-055.3/.4 |2 MRF | ||
| 080 | |a 659.3 |2 MRF | ||
| 080 | |a 316.7:7.011.26 |2 MRF | ||
| 080 | |a 304 |2 MRF | ||
| 080 | |a (73) |2 MRF | ||
| 080 | |a (0.034.2:08) |2 MRF | ||
| 080 | |a (048.8) |2 MRF | ||
| 100 | 1 | |a Fawaz, Ramzi, |e author. | |
| 245 | 1 | 0 | |a Queer forms / |c Ramzi Fawaz. |
| 264 | 1 | |a New York : |b New York University Press, |c 2022. | |
| 300 | |a 1 online zdroj : |b ilustrace | ||
| 336 | |a text |b txt |2 rdacontent | ||
| 337 | |a počítač |b c |2 rdamedia | ||
| 338 | |a online zdroj |b cr |2 rdacarrier | ||
| 504 | |a Obsahuje bibliografické odkazy a index | ||
| 506 | |a Plný text je dostupný pouze z IP adres počítačů Univerzity Tomáše Bati ve Zlíně nebo vzdáleným přístupem pro zaměstnance a studenty | ||
| 588 | |a Description based upon print version of record. | ||
| 590 | |a eBooks on EBSCOhost |b All EBSCO eBooks | ||
| 650 | 0 | 7 | |a sexuální menšiny |7 ph451667 |2 czenas |
| 650 | 0 | 7 | |a masmédia |7 ph115233 |x sociální aspekty |z Spojené státy americké |2 czenas |
| 650 | 0 | 7 | |a masová kultura |7 ph122659 |y 20. století |z Spojené státy americké |2 czenas |
| 650 | 0 | 9 | |a sexual minorities |2 eczenas |
| 650 | 0 | 9 | |a mass media |x social aspects |z United States |2 eczenas |
| 650 | 0 | 9 | |a popular culture |y 20th century |z United States |2 eczenas |
| 655 | 7 | |a elektronické knihy |7 fd186907 |2 czenas | |
| 655 | 7 | |a monografie |7 fd132842 |2 czenas | |
| 655 | 9 | |a electronic books |2 eczenas | |
| 655 | 9 | |a monographs |2 eczenas | |
| 776 | 0 | 8 | |i Print version: |a Fawaz, Ramzi. |t Queer forms. |d New York : New York University Press, [2022] |z 9781479829828 |w (DLC) 2021057757 |w (OCoLC)1303568895 |
| 856 | 4 | 0 | |u https://search.ebscohost.com/login.aspx?direct=true&scope=site&db=nlebk&AN=3223097&authtype=ip,shib&custid=s3936755 |
| 942 | |2 udc | ||
| 992 | |c EBOOK-TN |c EBSCO | ||
| 993 | |x NEPOSILAT |y EIZ | ||
| 999 | |c 113436 |d 113436 | ||